|
|
|
|
| LEADER |
00000nam2a2200000 4500 |
| 001 |
297903 |
| 005 |
20231102001043.0 |
| 035 |
|
|
|a (RuTPU)RU\TPU\book\323038
|
| 035 |
|
|
|a RU\TPU\book\323037
|
| 090 |
|
|
|a 297903
|
| 100 |
|
|
|a 20150613d1984 k y0rusy50 ca
|
| 101 |
0 |
|
|a rus
|
| 102 |
|
|
|a RU
|
| 105 |
|
|
|a y z 101zy
|
| 200 |
0 |
|
|a Кн. 2
|
| 210 |
|
|
|d 1984
|
| 215 |
|
|
|a 205 с.
|c ил.
|
| 320 |
|
|
|a Библиография в конце докладов
|
| 461 |
|
1 |
|0 (RuTPU)RU\TPU\book\285122
|t XIV Всесоюзное совещание по рентгеновской и электронной спектроскопии, 3-5 октября 1984 г., г. Иркутск
|o тезисы докладов
|o в 2 кн.
|f Академия наук СССР (АН СССР), Сибирское отделение (СО), Институт геохимии им. А. П. Виноградова (ИГХ) ; Иркутский государственный университет (ИрГУ)
|v Кн. 2
|d 1984
|
| 606 |
1 |
|
|a Рентгеноспектральный анализ
|x (химия)
|2 stltpush
|3 (RuTPU)RU\TPU\subj\25101
|9 49333
|
| 610 |
1 |
|
|a спектрометры
|
| 610 |
1 |
|
|a измерение
|
| 610 |
1 |
|
|a ошибки
|
| 610 |
1 |
|
|a рентгенофлуоресцентный анализ
|
| 610 |
1 |
|
|a использование
|
| 610 |
1 |
|
|a порошковые материалы
|
| 610 |
1 |
|
|a природные воды
|
| 610 |
1 |
|
|a расчет
|
| 610 |
1 |
|
|a математическое моделирование
|
| 610 |
1 |
|
|a погрешности
|
| 610 |
1 |
|
|a исследование
|
| 610 |
1 |
|
|a резонансное рассеяние
|
| 610 |
1 |
|
|a рентгеновское излучение
|
| 610 |
1 |
|
|a тяжелые металлы
|
| 610 |
1 |
|
|a определение
|
| 610 |
1 |
|
|a метод Монте-Карло
|
| 610 |
1 |
|
|a фотопоглощение
|
| 610 |
1 |
|
|a конференции
|
| 675 |
|
|
|a 543.427(063)
|v 4
|
| 801 |
|
1 |
|a RU
|b 63413507
|c 20150613
|
| 801 |
|
2 |
|a RU
|b 63413507
|c 20170213
|g RCR
|
| 942 |
|
|
|c BK
|